[Event "Grand Swiss "]
[Date "2025.09.08"]
[White "Sargissian, Gabriel"]
[Black "Shankland, Sam"]
[WhiteElo "2626"]
[BlackElo "2670"]
[Round "4.4.31"]
[Result "0-1"]

1. d4 {[%clk 01:40:57] [%emt 00:00:03]} Nf6 {[%clk 01:40:49] [%emt 00:00:11]} 2.
c4 {[%clk 01:41:13] [%emt 00:00:14]} g6 {[%clk 01:41:15] [%emt 00:00:04]} 3. Nc3
{[%clk 01:41:02] [%emt 00:00:41]} Bg7 {[%clk 01:41:41] [%emt 00:00:04]} 4. e4
{[%clk 01:40:20] [%emt 00:01:11]} d6 {[%clk 01:42:08] [%emt 00:00:03]} 5. Nf3
{[%clk 01:40:05] [%emt 00:00:46]} O-O {[%clk 01:42:32] [%emt 00:00:06]} 6. h3
{[%clk 01:40:11] [%emt 00:00:24]} e5 {[%clk 01:42:44] [%emt 00:00:19]} 7. d5
{[%clk 01:40:18] [%emt 00:00:23]} a5 {[%clk 01:43:06] [%emt 00:00:07]} 8. Be3
{[%clk 01:39:37] [%emt 00:01:10]} Na6 {[%clk 01:43:10] [%emt 00:00:27]} 9. g4
{[%clk 01:39:06] [%emt 00:01:01]} Nd7 {[%clk 01:42:41] [%emt 00:00:59]} 10. Rg1
{[%clk 01:38:34] [%emt 00:01:02]} Ndc5 {[%clk 01:41:37] [%emt 00:01:35]} 11. h4
{[%clk 01:37:45] [%emt 00:01:17]} c6 {[%clk 01:33:55] [%emt 00:08:12]} 12. g5
{[%clk 01:17:04] [%emt 00:21:12]} Bd7 {[%clk 01:29:23] [%emt 00:05:02]} 13. Nd2
{[%clk 01:16:06] [%emt 00:01:27]} a4 {[%clk 01:27:12] [%emt 00:02:42]} 14. a3
{[%clk 01:05:38] [%emt 00:10:58]} Rb8 {[%clk 01:22:33] [%emt 00:05:09]} 15. Qc2
{[%clk 00:49:55] [%emt 00:16:13]} cxd5 {[%clk 01:18:40] [%emt 00:04:24]} 16.
Nxd5 {[%clk 00:49:32] [%emt 00:00:52]} Ne6 {[%clk 01:15:13] [%emt 00:03:56]} 17.
Bb6 {[%clk 00:47:02] [%emt 00:03:01]} Qe8 {[%clk 01:15:03] [%emt 00:00:40]} 18.
Nf3 {[%clk 00:43:13] [%emt 00:04:18]} Nac5 {[%clk 01:11:33] [%emt 00:04:01]} 19.
O-O-O {[%clk 00:42:09] [%emt 00:01:34]} Bc6 {[%clk 01:09:11] [%emt 00:02:52]}
20. Kb1 {[%clk 00:40:13] [%emt 00:02:26]} Ra8 {[%clk 01:02:11] [%emt 00:07:30]}
21. Bh3 {[%clk 00:33:32] [%emt 00:07:11]} Ra6 {[%clk 00:56:36] [%emt 00:06:06]}
22. Bxc5 {[%clk 00:33:53] [%emt 00:00:08]} Nxc5 {[%clk 00:56:23] [%emt
00:00:42]} 23. Nh2 {[%clk 00:33:13] [%emt 00:01:10]} Rb6 {[%clk 00:50:32] [%emt
00:06:22]} 24. Ng4 {[%clk 00:32:32] [%emt 00:01:11]} Qd8 {[%clk 00:50:31] [%emt
00:00:32]} 25. Rge1 {[%clk 00:22:05] [%emt 00:10:56]} Rb3 {[%clk 00:49:56] [%emt
00:01:06]} 26. Ngf6+ {[%clk 00:19:43] [%emt 00:02:51]} Bxf6 {[%clk 00:49:33]
[%emt 00:00:53]} 27. Nxf6+ {[%clk 00:20:03] [%emt 00:00:11]} Kg7 {[%clk
00:49:22] [%emt 00:00:40]} 28. Bg2 {[%clk 00:10:16] [%emt 00:10:18]} Qe7 {[%clk
00:42:43] [%emt 00:07:09]} 29. Qd2 {[%clk 00:09:39] [%emt 00:01:06]} Nd3 {[%clk
00:42:11] [%emt 00:01:02]} 30. Qxd3 {[%clk 00:09:55] [%emt 00:00:14]} Rxd3
{[%clk 00:42:37] [%emt 00:00:04]} 31. Rxd3 {[%clk 00:10:19] [%emt 00:00:06]} b5
{[%clk 00:42:37] [%emt 00:00:30]} 32. cxb5 {[%clk 00:10:11] [%emt 00:00:37]}
Bxb5 {[%clk 00:43:04] [%emt 00:00:04]} 33. Rd2 {[%clk 00:10:01] [%emt 00:00:40]}
Rb8 {[%clk 00:41:38] [%emt 00:01:56]} 34. Rc1 {[%clk 00:10:08] [%emt 00:00:22]}
Qb7 {[%clk 00:40:03] [%emt 00:02:05]} 35. Rc3 {[%clk 00:06:33] [%emt 00:04:03]}
h6 {[%clk 00:34:38] [%emt 00:05:58]} 36. Rdc2 {[%clk 00:04:29] [%emt 00:02:34]}
Qa6 {[%clk 00:33:38] [%emt 00:01:31]} 37. Kc1 {[%clk 00:04:41] [%emt 00:00:17]}
Bd3 {[%clk 00:32:45] [%emt 00:01:23]} 38. Rd2 {[%clk 00:03:45] [%emt 00:01:26]}
Bc4 {[%clk 00:32:59] [%emt 00:00:16]} 39. Bf3 {[%clk 00:01:23] [%emt 00:02:52]}
hxg5 {[%clk 00:31:54] [%emt 00:01:35]} 40. hxg5 {[%clk 00:01:48] [%emt
00:00:05]} Rh8 {[%clk 00:32:14] [%emt 00:00:11]} 41. Kb1 {[%clk 00:48:57] [%emt
00:03:21]} Bb3 {[%clk 01:16:43] [%emt 00:06:00]} 42. Rc1 {[%clk 00:49:12] [%emt
00:00:15]} Be6 {[%clk 01:11:54] [%emt 00:05:19]} 43. Be2 {[%clk 00:41:34] [%emt
00:08:08]} Qb6 {[%clk 01:10:45] [%emt 00:01:40]} 44. Bd1 {[%clk 00:38:16] [%emt
00:03:47]} Qb5 {[%clk 01:06:44] [%emt 00:04:32]} 45. Rxd6 {[%clk 00:35:36] [%emt
00:03:09]} Rb8 {[%clk 01:06:45] [%emt 00:00:29]} 46. Rd2 {[%clk 00:35:23] [%emt
00:00:44]} Qa5 {[%clk 01:05:25] [%emt 00:01:49]} 47. Rd6 {[%clk 00:28:52] [%emt
00:07:01]} Qe1 {[%clk 01:02:29] [%emt 00:03:27]} 48. Bxa4 {[%clk 00:23:51] [%emt
00:05:31]} Qxf2 {[%clk 00:59:34] [%emt 00:03:25]} 49. Bc2 {[%clk 00:23:52] [%emt
00:00:28]} Qe3 {[%clk 00:58:56] [%emt 00:01:08]} 50. Rd3 {[%clk 00:21:52] [%emt
00:02:31]} Ba2+ {[%clk 00:58:49] [%emt 00:00:36]} 51. Kxa2 {[%clk 00:22:19]
[%emt 00:00:04]} Qxc1 {[%clk 00:59:15] [%emt 00:00:04]} 52. Bb3 {[%clk 00:22:18]
[%emt 00:00:30]} Qxg5 {[%clk 00:59:31] [%emt 00:00:14]} 0-1

[Site "Europe Echecs"]

[Event "Grand Swiss "]
[Date "2025.09.08"]
[White "Oparin, Grigoriy"]
[Black "Najer, Evgeniy"]
[WhiteElo "2660"]
[BlackElo "2613"]
[Round "4.4.32"]
[Result "1-0"]

1. e4 {[%clk 01:40:57] [%emt 00:00:02]} c5 {[%clk 01:40:24] [%emt 00:00:36]} 2.
Nf3 {[%clk 01:41:22] [%emt 00:00:05]} d6 {[%clk 01:40:47] [%emt 00:00:07]} 3.
Bb5+ {[%clk 01:41:34] [%emt 00:00:19]} Bd7 {[%clk 01:41:01] [%emt 00:00:15]} 4.
Bxd7+ {[%clk 01:41:55] [%emt 00:00:10]} Nxd7 {[%clk 01:41:23] [%emt 00:00:07]}
5. O-O {[%clk 01:42:13] [%emt 00:00:12]} e6 {[%clk 01:41:48] [%emt 00:00:05]} 6.
Qe2 {[%clk 01:41:43] [%emt 00:01:01]} Ngf6 {[%clk 01:41:07] [%emt 00:01:10]} 7.
b3 {[%clk 01:41:13] [%emt 00:01:01]} Be7 {[%clk 01:35:37] [%emt 00:06:00]} 8.
Bb2 {[%clk 01:41:36] [%emt 00:00:07]} O-O {[%clk 01:35:54] [%emt 00:00:12]} 9.
c4 {[%clk 01:41:37] [%emt 00:00:30]} e5 {[%clk 01:33:29] [%emt 00:02:55]} 10.
Ne1 {[%clk 01:37:03] [%emt 00:05:04]} Nb8 {[%clk 01:10:59] [%emt 00:23:00]} 11.
f4 {[%clk 01:30:57] [%emt 00:06:36]} Nc6 {[%clk 01:10:24] [%emt 00:01:05]} 12.
Nf3 {[%clk 01:19:47] [%emt 00:11:40]} exf4 {[%clk 01:09:00] [%emt 00:01:54]} 13.
Nc3 {[%clk 01:19:33] [%emt 00:00:44]} Nd7 {[%clk 00:51:42] [%emt 00:17:47]} 14.
Nd5 {[%clk 01:19:21] [%emt 00:00:43]} Nde5 {[%clk 00:51:36] [%emt 00:00:36]} 15.
Kh1 {[%clk 01:05:04] [%emt 00:14:46]} Bf6 {[%clk 00:46:09] [%emt 00:05:58]} 16.
d3 {[%clk 00:58:19] [%emt 00:07:15]} Bg5 {[%clk 00:34:03] [%emt 00:12:35]} 17.
Nxg5 {[%clk 00:56:03] [%emt 00:02:46]} Qxg5 {[%clk 00:34:28] [%emt 00:00:05]}
18. Rxf4 {[%clk 00:56:27] [%emt 00:00:07]} f5 {[%clk 00:32:04] [%emt 00:02:53]}
19. Bxe5 {[%clk 00:44:24] [%emt 00:12:34]} dxe5 {[%clk 00:30:50] [%emt
00:01:44]} 20. Rxf5 {[%clk 00:44:50] [%emt 00:00:05]} Rxf5 {[%clk 00:31:13]
[%emt 00:00:06]} 21. exf5 {[%clk 00:45:17] [%emt 00:00:04]} Qxf5 {[%clk
00:30:11] [%emt 00:01:31]} 22. Rf1 {[%clk 00:45:42] [%emt 00:00:04]} Qg6 {[%clk
00:29:33] [%emt 00:01:09]} 23. a3 {[%clk 00:35:46] [%emt 00:10:26]} a5 {[%clk
00:21:53] [%emt 00:08:09]} 24. h3 {[%clk 00:29:23] [%emt 00:06:54]} h6 {[%clk
00:22:16] [%emt 00:00:07]} 25. Qe3 {[%clk 00:27:21] [%emt 00:02:32]} Qd6 {[%clk
00:15:23] [%emt 00:07:23]} 26. Qe4 {[%clk 00:18:39] [%emt 00:09:12]} Rf8 {[%clk
00:15:46] [%emt 00:00:07]} 27. Rxf8+ {[%clk 00:19:05] [%emt 00:00:05]} Qxf8
{[%clk 00:16:05] [%emt 00:00:11]} 28. Kg1 {[%clk 00:19:31] [%emt 00:00:03]} Qf7
{[%clk 00:15:46] [%emt 00:00:49]} 29. Nc3 {[%clk 00:19:03] [%emt 00:00:58]} Kh8
{[%clk 00:08:30] [%emt 00:07:46]} 30. Na4 {[%clk 00:18:23] [%emt 00:01:10]} Qe7
{[%clk 00:07:01] [%emt 00:01:59]} 31. Qf5 {[%clk 00:14:48] [%emt 00:04:04]} Qd6
{[%clk 00:06:07] [%emt 00:01:24]} 32. Kh1 {[%clk 00:14:25] [%emt 00:00:54]} Kg8
{[%clk 00:05:38] [%emt 00:01:00]} 33. Qf3 {[%clk 00:07:01] [%emt 00:07:53]} Kh8
{[%clk 00:02:34] [%emt 00:03:34]} 34. Nc3 {[%clk 00:03:59] [%emt 00:03:32]} Kg8
{[%clk 00:02:56] [%emt 00:00:08]} 35. Ne4 {[%clk 00:03:15] [%emt 00:01:14]} Qe7
{[%clk 00:02:48] [%emt 00:00:38]} 36. Qf5 {[%clk 00:02:51] [%emt 00:00:54]} Kh8
{[%clk 00:02:28] [%emt 00:00:50]} 37. Kh2 {[%clk 00:02:23] [%emt 00:00:58]} Kg8
{[%clk 00:02:33] [%emt 00:00:25]} 38. Kg1 {[%clk 00:01:33] [%emt 00:01:21]} Nd4
{[%clk 00:01:07] [%emt 00:01:56]} 39. Qc8+ {[%clk 00:01:26] [%emt 00:00:36]} Kh7
{[%clk 00:01:36] [%emt 00:00:01]} 40. Qxc5 {[%clk 00:01:03] [%emt 00:00:53]} Qf7
{[%clk 00:01:06] [%emt 00:01:00]} 41. Qxe5 {[%clk 00:48:10] [%emt 00:03:23]}
Ne2+ {[%clk 00:50:26] [%emt 00:01:09]} 42. Kh2 {[%clk 00:47:59] [%emt 00:00:41]}
Qf1 {[%clk 00:50:30] [%emt 00:00:26]} 43. Qc5 {[%clk 00:48:06] [%emt 00:00:24]}
Qf4+ {[%clk 00:48:06] [%emt 00:02:54]} 44. g3 {[%clk 00:48:23] [%emt 00:00:13]}
Qf3 {[%clk 00:48:12] [%emt 00:00:23]} 45. Qd5 {[%clk 00:35:20] [%emt 00:13:34]}
Qf1 {[%clk 00:32:22] [%emt 00:16:20]} 46. h4 {[%clk 00:35:11] [%emt 00:00:40]}
b6 {[%clk 00:32:42] [%emt 00:00:10]} 47. h5 {[%clk 00:33:00] [%emt 00:02:40]}
Nc1 {[%clk 00:29:12] [%emt 00:04:00]} 48. c5 {[%clk 00:24:57] [%emt 00:08:33]}
Qe2+ {[%clk 00:12:20] [%emt 00:17:22]} 49. Kg1 {[%clk 00:24:59] [%emt 00:00:28]}
Qd1+ {[%clk 00:08:47] [%emt 00:04:03]} 50. Kg2 {[%clk 00:25:24] [%emt 00:00:06]}
Qe2+ {[%clk 00:08:28] [%emt 00:00:48]} 51. Kh3 {[%clk 00:17:26] [%emt 00:08:28]}
Qf1+ {[%clk 00:08:26] [%emt 00:00:32]} 52. Kh4 {[%clk 00:16:26] [%emt 00:01:31]}
Qh1+ {[%clk 00:05:45] [%emt 00:03:11]} 53. Kg4 {[%clk 00:16:53] [%emt 00:00:03]}
Qd1+ {[%clk 00:05:52] [%emt 00:00:21]} 54. Kf4 {[%clk 00:17:10] [%emt 00:00:13]}
Qf1+ {[%clk 00:05:06] [%emt 00:01:16]} 55. Ke5 {[%clk 00:13:13] [%emt 00:04:28]}
Nxd3+ {[%clk 00:03:56] [%emt 00:01:40]} 56. Ke6 {[%clk 00:12:57] [%emt
00:00:46]} Qh3+ {[%clk 00:02:11] [%emt 00:02:15]} 57. Qf5+ {[%clk 00:09:13]
[%emt 00:04:14]} Qxf5+ {[%clk 00:02:39] [%emt 00:00:02]} 58. Kxf5 {[%clk
00:09:39] [%emt 00:00:05]} bxc5 {[%clk 00:03:06] [%emt 00:00:03]} *

[Site "Europe Echecs"]

[Event "Grand Swiss "]
[Date "2025.09.08"]
[White "Sargsyan, Shant"]
[Black "Madaminov, Mukhiddin"]
[WhiteElo "2653"]
[BlackElo "2560"]
[Round "4.4.33"]
[Result "1-0"]

1. e4 {[%clk 01:39:49] [%emt 00:01:10]} e5 {[%clk 01:40:52] [%emt 00:00:09]} 2.
Nf3 {[%clk 01:40:04] [%emt 00:00:16]} Nc6 {[%clk 01:41:12] [%emt 00:00:09]} 3.
Bc4 {[%clk 01:40:28] [%emt 00:00:06]} Bc5 {[%clk 01:41:36] [%emt 00:00:06]} 4.
d3 {[%clk 01:39:59] [%emt 00:01:00]} Nf6 {[%clk 01:41:05] [%emt 00:00:59]} 5.
O-O {[%clk 01:40:07] [%emt 00:00:23]} d6 {[%clk 01:40:20] [%emt 00:01:15]} 6. c3
{[%clk 01:39:40] [%emt 00:00:56]} a5 {[%clk 01:40:09] [%emt 00:00:42]} 7. Re1
{[%clk 01:38:31] [%emt 00:01:40]} O-O {[%clk 01:39:14] [%emt 00:01:23]} 8. h3
{[%clk 01:38:23] [%emt 00:00:40]} Ba7 {[%clk 01:36:56] [%emt 00:02:47]} 9. Na3
{[%clk 01:30:19] [%emt 00:08:35]} Ne7 {[%clk 01:26:49] [%emt 00:10:35]} 10. d4
{[%clk 01:24:33] [%emt 00:06:17]} Ng6 {[%clk 01:25:23] [%emt 00:01:53]} 11. Be3
{[%clk 01:18:41] [%emt 00:06:26]} c6 {[%clk 01:20:05] [%emt 00:05:47]} 12. Bd3
{[%clk 01:06:08] [%emt 00:13:03]} Re8 {[%clk 01:17:07] [%emt 00:03:28]} 13. Nc2
{[%clk 01:03:04] [%emt 00:03:34]} h6 {[%clk 01:12:19] [%emt 00:05:15]} 14. c4
{[%clk 00:59:36] [%emt 00:04:01]} Nh7 {[%clk 01:11:22] [%emt 00:01:26]} 15. d5
{[%clk 00:57:11] [%emt 00:02:56]} Ng5 {[%clk 01:09:18] [%emt 00:02:32]} 16. Nxg5
{[%clk 00:52:26] [%emt 00:05:17]} hxg5 {[%clk 01:07:46] [%emt 00:02:02]} 17. Bf1
{[%clk 00:50:44] [%emt 00:02:13]} Nf8 {[%clk 00:59:47] [%emt 00:08:27]} 18. Rc1
{[%clk 00:44:54] [%emt 00:06:22]} Bxe3 {[%clk 00:58:08] [%emt 00:02:08]} 19.
Nxe3 {[%clk 00:45:06] [%emt 00:00:19]} c5 {[%clk 00:57:54] [%emt 00:00:43]} 20.
Be2 {[%clk 00:43:21] [%emt 00:02:15]} g6 {[%clk 00:55:57] [%emt 00:02:25]} 21.
Bg4 {[%clk 00:43:17] [%emt 00:00:36]} Nd7 {[%clk 00:56:14] [%emt 00:00:13]} 22.
Rc3 {[%clk 00:42:21] [%emt 00:01:26]} Kg7 {[%clk 00:52:26] [%emt 00:04:16]} 23.
Rb3 {[%clk 00:39:41] [%emt 00:03:12]} b6 {[%clk 00:52:42] [%emt 00:00:14]} 24.
Qd2 {[%clk 00:36:26] [%emt 00:03:45]} Rh8 {[%clk 00:51:53] [%emt 00:01:18]} 25.
Nd1 {[%clk 00:35:36] [%emt 00:01:21]} Rb8 {[%clk 00:48:59] [%emt 00:03:24]} 26.
Rg3 {[%clk 00:35:39] [%emt 00:00:27]} f6 {[%clk 00:47:46] [%emt 00:01:43]} 27.
Nc3 {[%clk 00:33:48] [%emt 00:02:21]} Ba6 {[%clk 00:47:52] [%emt 00:00:25]} 28.
Qd3 {[%clk 00:33:00] [%emt 00:01:17]} Rb7 {[%clk 00:44:43] [%emt 00:03:38]} 29.
a3 {[%clk 00:32:01] [%emt 00:01:31]} Qc7 {[%clk 00:43:49] [%emt 00:01:24]} 30.
Bd1 {[%clk 00:29:48] [%emt 00:02:42]} b5 {[%clk 00:41:11] [%emt 00:03:07]} 31.
cxb5 {[%clk 00:26:14] [%emt 00:04:06]} c4 {[%clk 00:41:19] [%emt 00:00:22]} 32.
Qe2 {[%clk 00:26:29] [%emt 00:00:14]} Bxb5 {[%clk 00:40:36] [%emt 00:01:13]} 33.
Nxb5 {[%clk 00:26:46] [%emt 00:00:13]} Rxb5 {[%clk 00:40:51] [%emt 00:00:14]}
34. Ba4 {[%clk 00:26:51] [%emt 00:00:25]} Rb6 {[%clk 00:26:23] [%emt 00:14:59]}
35. Rc1 {[%clk 00:21:12] [%emt 00:06:09]} Nc5 {[%clk 00:22:30] [%emt 00:04:22]}
36. Rxc4 {[%clk 00:19:19] [%emt 00:02:25]} Qb8 {[%clk 00:21:43] [%emt 00:01:16]}
37. b3 {[%clk 00:14:31] [%emt 00:05:18]} Rh4 {[%clk 00:21:56] [%emt 00:00:16]}
38. Qc2 {[%clk 00:10:44] [%emt 00:04:17]} Rb7 {[%clk 00:21:13] [%emt 00:01:14]}
39. Kh2 {[%clk 00:04:43] [%emt 00:06:30]} Rh8 {[%clk 00:15:32] [%emt 00:06:11]}
40. Qd1 {[%clk 00:00:56] [%emt 00:04:17]} Rh4 {[%clk 00:15:01] [%emt 00:01:01]}
41. Qc2 {[%clk 00:44:08] [%emt 00:07:19]} Rh8 {[%clk 01:03:42] [%emt 00:01:48]}
42. Rxc5 {[%clk 00:40:53] [%emt 00:03:46]} dxc5 {[%clk 01:04:02] [%emt
00:00:08]} 43. Qxc5 {[%clk 00:30:15] [%emt 00:11:09]} Rc8 {[%clk 00:57:57] [%emt
00:06:36]} 44. Bc6 {[%clk 00:28:40] [%emt 00:02:05]} Rxb3 {[%clk 00:54:42] [%emt
00:03:44]} 45. Qe7+ {[%clk 00:28:22] [%emt 00:00:47]} Kh6 {[%clk 00:55:06] [%emt
00:00:07]} 46. Rxb3 {[%clk 00:27:25] [%emt 00:01:28]} Qxb3 {[%clk 00:52:44]
[%emt 00:02:51]} 47. Be8 {[%clk 00:27:46] [%emt 00:00:10]} Qb6 {[%clk 00:46:57]
[%emt 00:06:17]} 48. Qf8+ {[%clk 00:26:07] [%emt 00:02:08]} Kh7 {[%clk 00:47:16]
[%emt 00:00:11]} 49. Qf7+ {[%clk 00:26:30] [%emt 00:00:07]} Kh8 {[%clk 00:47:35]
[%emt 00:00:11]} 50. Qf8+ {[%clk 00:26:47] [%emt 00:00:12]} Kh7 {[%clk 00:47:59]
[%emt 00:00:07]} 51. Bxg6+ {[%clk 00:26:11] [%emt 00:01:06]} Kxg6 {[%clk
00:47:58] [%emt 00:00:30]} 52. Qxc8 {[%clk 00:26:37] [%emt 00:00:05]} Qxf2
{[%clk 00:48:09] [%emt 00:00:19]} 53. Qf5+ {[%clk 00:23:20] [%emt 00:03:47]}
Qxf5 {[%clk 00:43:54] [%emt 00:04:45]} 54. exf5+ {[%clk 00:23:47] [%emt
00:00:03]} Kxf5 {[%clk 00:44:16] [%emt 00:00:09]} 55. g3 {[%clk 00:24:13] [%emt
00:00:04]} e4 {[%clk 00:42:24] [%emt 00:02:21]} 56. h4 {[%clk 00:24:35] [%emt
00:00:08]} Ke5 {[%clk 00:40:51] [%emt 00:02:03]} 57. h5 {[%clk 00:24:50] [%emt
00:00:15]} Kd4 {[%clk 00:41:14] [%emt 00:00:07]} 58. d6 {[%clk 00:25:09] [%emt
00:00:12]} 1-0

[Site "Europe Echecs"]

[Event "Grand Swiss "]
[Date "2025.09.08"]
[White "Shirov, Alexei"]
[Black "Gelfand, Boris"]
[WhiteElo "2616"]
[BlackElo "2652"]
[Round "4.4.34"]
[Result "1/2-1/2"]

1. e4 {[%clk 01:40:58]} c5 {[%clk 01:40:58] [%emt 00:00:03]} 2. Nf3 {[%clk
01:41:24] [%emt 00:00:05]} Nc6 {[%clk 01:41:25] [%emt 00:00:03]} 3. Bb5 {[%clk
01:41:48] [%emt 00:00:05]} d6 {[%clk 01:41:48] [%emt 00:00:07]} 4. O-O {[%clk
01:42:07] [%emt 00:00:10]} Bd7 {[%clk 01:42:08] [%emt 00:00:12]} 5. c3 {[%clk
01:42:33] [%emt 00:00:04]} a6 {[%clk 01:42:11] [%emt 00:00:27]} 6. Ba4 {[%clk
01:42:58] [%emt 00:00:04]} Nf6 {[%clk 01:41:55] [%emt 00:00:47]} 7. d4 {[%clk
01:40:46] [%emt 00:02:41]} cxd4 {[%clk 01:40:02] [%emt 00:02:23]} 8. cxd4 {[%clk
01:40:32] [%emt 00:00:45]} Nxe4 {[%clk 01:38:59] [%emt 00:01:33]} 9. d5 {[%clk
01:38:16] [%emt 00:02:46]} Ne5 {[%clk 01:38:15] [%emt 00:01:13]} 10. Nxe5 {[%clk
01:37:21] [%emt 00:01:25]} dxe5 {[%clk 01:38:38] [%emt 00:00:08]} 11. Re1 {[%clk
01:37:07] [%emt 00:00:42]} Nf6 {[%clk 01:34:38] [%emt 00:04:32]} 12. Bb3 {[%clk
01:30:27] [%emt 00:07:09]} g6 {[%clk 01:26:51] [%emt 00:08:17]} 13. Bd2 {[%clk
01:27:22] [%emt 00:03:35]} Bg7 {[%clk 01:19:51] [%emt 00:07:31]} 14. Bc3 {[%clk
01:26:14] [%emt 00:01:37]} e6 {[%clk 01:15:31] [%emt 00:04:50]} 15. Bxe5 {[%clk
01:20:51] [%emt 00:05:53]} O-O {[%clk 01:14:29] [%emt 00:01:33]} 16. Nc3 {[%clk
00:55:21] [%emt 00:25:59]} exd5 {[%clk 01:13:28] [%emt 00:01:31]} 17. Bxd5
{[%clk 00:47:45] [%emt 00:08:06]} Nxd5 {[%clk 00:48:34] [%emt 00:25:24]} 18.
Bxg7 {[%clk 00:47:38] [%emt 00:00:37]} Bg4 {[%clk 00:39:13] [%emt 00:09:51]} 19.
Qxg4 {[%clk 00:25:30] [%emt 00:22:38]} Kxg7 {[%clk 00:39:25] [%emt 00:00:19]}
20. Rad1 {[%clk 00:25:35] [%emt 00:00:24]} Nf6 {[%clk 00:39:20] [%emt 00:00:35]}
21. Qb4 {[%clk 00:25:56] [%emt 00:00:09]} Qc8 {[%clk 00:29:57] [%emt 00:09:54]}
22. Re7 {[%clk 00:23:29] [%emt 00:02:56]} b5 {[%clk 00:27:53] [%emt 00:02:35]}
23. h3 {[%clk 00:12:07] [%emt 00:11:52]} Re8 {[%clk 00:21:40] [%emt 00:06:43]}
24. Ne4 {[%clk 00:04:52] [%emt 00:07:43]} Nxe4 {[%clk 00:18:57] [%emt 00:03:14]}
25. Qxe4 {[%clk 00:04:13] [%emt 00:01:09]} Rxe7 {[%clk 00:19:16] [%emt
00:00:11]} 26. Qxe7 {[%clk 00:04:39] [%emt 00:00:05]} Qe8 {[%clk 00:19:11] [%emt
00:00:34]} 27. Qd6 {[%clk 00:04:27] [%emt 00:00:41]} Qe2 {[%clk 00:17:58] [%emt
00:01:45]} 28. Qd4+ {[%clk 00:02:59] [%emt 00:01:56]} Kg8 {[%clk 00:17:39] [%emt
00:00:50]} 29. Rc1 {[%clk 00:03:07] [%emt 00:00:22]} Re8 {[%clk 00:15:00] [%emt
00:03:09]} 30. a3 {[%clk 00:02:48] [%emt 00:00:49]} Qe5 {[%clk 00:12:32] [%emt
00:02:59]} 31. Qxe5 {[%clk 00:02:15] [%emt 00:01:02]} Rxe5 {[%clk 00:12:49]
[%emt 00:00:13]} 1/2-1/2

[Site "Europe Echecs"]

[Event "Grand Swiss "]
[Date "2025.09.08"]
[White "Lagarde, Maxime"]
[Black "Mamedov, Rauf"]
[WhiteElo "2609"]
[BlackElo "2651"]
[Round "4.4.35"]
[Result "1/2-1/2"]

1. e4 {[%clk 01:40:58] [%emt 00:00:02]} c5 {[%clk 01:40:52] [%emt 00:00:08]} 2.
Nf3 {[%clk 01:41:24] [%emt 00:00:04]} Nc6 {[%clk 01:41:19] [%emt 00:00:03]} 3.
Bb5 {[%clk 01:41:36] [%emt 00:00:19]} Nf6 {[%clk 01:41:43] [%emt 00:00:05]} 4.
Bxc6 {[%clk 01:41:34] [%emt 00:00:32]} dxc6 {[%clk 01:42:09] [%emt 00:00:04]} 5.
d3 {[%clk 01:42:01] [%emt 00:00:04]} g6 {[%clk 01:42:36] [%emt 00:00:03]} 6. O-O
{[%clk 01:42:12] [%emt 00:00:19]} Bg7 {[%clk 01:42:58] [%emt 00:00:08]} 7. Nc3
{[%clk 01:42:32] [%emt 00:00:09]} b6 {[%clk 01:42:33] [%emt 00:00:55]} 8. Re1
{[%clk 01:28:45] [%emt 00:14:17]} O-O {[%clk 01:40:47] [%emt 00:02:17]} 9. Bd2
{[%clk 01:22:28] [%emt 00:06:46]} Ne8 {[%clk 01:30:24] [%emt 00:10:54]} 10. e5
{[%clk 01:19:13] [%emt 00:03:44]} Nc7 {[%clk 01:28:00] [%emt 00:02:54]} 11. h3
{[%clk 01:11:59] [%emt 00:07:43]} Ne6 {[%clk 01:20:55] [%emt 00:07:36]} 12. Ne2
{[%clk 01:08:36] [%emt 00:03:53]} a5 {[%clk 01:12:36] [%emt 00:08:50]} 13. Nf4
{[%clk 01:03:14] [%emt 00:05:51]} a4 {[%clk 01:04:05] [%emt 00:09:02]} 14. Qe2
{[%clk 00:59:00] [%emt 00:04:43]} h6 {[%clk 00:52:29] [%emt 00:12:06]} 15. Rad1
{[%clk 00:54:43] [%emt 00:04:47]} Ra7 {[%clk 00:49:58] [%emt 00:03:02]} 16. c4
{[%clk 00:44:43] [%emt 00:10:29]} Nd4 {[%clk 00:30:19] [%emt 00:20:09]} 17. Nxd4
{[%clk 00:44:41] [%emt 00:00:33]} Qxd4 {[%clk 00:30:44] [%emt 00:00:05]} 18. Bc1
{[%clk 00:36:48] [%emt 00:08:22]} Bf5 {[%clk 00:25:07] [%emt 00:06:07]} 19. e6
{[%clk 00:25:53] [%emt 00:11:26]} Kh7 {[%clk 00:22:59] [%emt 00:02:37]} 20. g4
{[%clk 00:19:08] [%emt 00:07:15]} Bxe6 {[%clk 00:23:02] [%emt 00:00:28]} 21.
Nxe6 {[%clk 00:19:28] [%emt 00:00:09]} fxe6 {[%clk 00:23:28] [%emt 00:00:04]}
22. Kg2 {[%clk 00:19:06] [%emt 00:00:52]} e5 {[%clk 00:16:10] [%emt 00:07:49]}
23. Qc2 {[%clk 00:17:39] [%emt 00:01:57]} e6 {[%clk 00:15:56] [%emt 00:00:43]}
24. Re4 {[%clk 00:17:50] [%emt 00:00:19]} Qd8 {[%clk 00:16:23] [%emt 00:00:03]}
25. Qe2 {[%clk 00:12:42] [%emt 00:05:39]} Raf7 {[%clk 00:14:16] [%emt 00:02:36]}
26. Rf1 {[%clk 00:10:23] [%emt 00:02:49]} Rd7 {[%clk 00:14:41] [%emt 00:00:05]}
27. Rd1 {[%clk 00:10:23] [%emt 00:00:31]} Rdf7 {[%clk 00:15:09] [%emt 00:00:02]}
28. Rf1 {[%clk 00:10:49] [%emt 00:00:03]} Rd7 {[%clk 00:15:19] [%emt 00:00:21]}
29. Rd1 {[%clk 00:11:15] [%emt 00:00:04]} Rdf7 {[%clk 00:15:45] [%emt 00:00:03]}
30. Rf1 {[%clk 00:11:37] [%emt 00:00:08]} Rd7 {[%clk 00:16:13] [%emt 00:00:02]}
1/2-1/2

[Site "Europe Echecs"]